| 000 | 02039njm a2200565 i 4500 | ||
|---|---|---|---|
| 001 | 34968 | ||
| 003 | KOSZ 005 | ||
| 005 | 20220822083331.0 | ||
| 007 | sd fsngnnmmned | ||
| 008 | 061010s2005 pl munn i 000 0 d | ||
| 020 | _a8360004196 | ||
| 020 | _a8360004064 | ||
| 040 |
_cKOSZ 005 _aKOSZ 005 _dKOSZ 005/AR |
||
| 041 | 0 | _apol | |
| 046 | _k2005 | ||
| 080 | _a785(430) | ||
| 080 | _a(086.7) | ||
| 100 | 1 |
_aBrahms, Johannes _d(1833-1897) _eKompozytor |
|
| 245 | 1 | 0 |
_aBrahms / _cJohannes Brahms. |
| 260 |
_aWarszawa : _bMediasat Poland, _c2005. |
||
| 300 |
_a1 płyta CD (57 min 06 s) : _bzapis cyfrowy, stereo ; _c12 cm + _e1 dodatek : 43 strony : ilustracje ; 13 cm x 14 cm. |
||
| 336 |
_2rdacontent _aNagranie muzyczne _bprm |
||
| 336 |
_2rdacontent _3Dodatek _aTekst _btxt |
||
| 337 |
_2rdamedia _aAudio _bs |
||
| 337 |
_2rdamedia _aKomputer _bc |
||
| 337 |
_2rdamedia _3Dodatek _aBez urządzenia pośredniczącego _bn |
||
| 338 |
_2rdacarrier _aPłyta audio _bd |
||
| 338 |
_2rdacarrier _3Dodatek _aWolumin _bc |
||
| 380 | _aMuzyka | ||
| 388 | _a1801-1900 | ||
| 490 | 1 |
_aBiblioteka Gazety Wyborczej. Wielcy Kompozytorzy ; _v13 |
|
| 500 | _aTekst komentarza: Joanna Wiśnios. | ||
| 500 | _aWykonanie: Royal Philharmonic Orchestra ; James Judd, dyrygent. | ||
| 500 | _aNagranie: C.T.S. Sound Studio, Londyn 1994 rok. | ||
| 505 | _aII Symfonia D-dur op. 73. | ||
| 600 | 1 | 7 |
_aBrahms, Johannes _d(1833-1897) |
| 648 | 7 | _a1801-1900 | |
| 650 | 9 | _aKompozytorzy niemieccy | |
| 655 | _aDokumenty dźwiękowe | ||
| 655 | _aMuzyka instrumentalna | ||
| 655 | _aMuzyka na orkiestrę | ||
| 655 | _aMuzyka poważna | ||
| 655 | _aSymfonia | ||
| 700 | 1 |
_aJudd, James _eDyrygent _d(1949- ) |
|
| 700 | 1 |
_aWiśnios, Joanna _eTekst |
|
| 710 | 2 |
_aMediasat Poland _eWydawca |
|
| 710 | 2 |
_aRoyal Philharmonic Orchestra (Londyn) _eWykonanie |
|
| 830 | 0 |
_aBiblioteka Gazety Wyborczej. _pWielcy Kompozytorzy _v13 |
|
| 942 |
_cCD _2UKD |
||
| 999 |
_c34968 _d34968 |
||